Sahitya Mimansa (Record no. 957198)

MARC details
000 -LEADER
fixed length control field 00749nam a2200253Ia 4500
003 - CONTROL NUMBER IDENTIFIER
control field OSt
005 - DATE AND TIME OF LATEST TRANSACTION
control field 20221005050523.0
008 - FIXED-LENGTH DATA ELEMENTS--GENERAL INFORMATION
fixed length control field 221004b |||||||| |||| 00| 0 hin d
037 ## - SOURCE OF ACQUISITION
Terms of availability Textual
040 ## - CATALOGING SOURCE
Original cataloging agency CRL
Transcribing agency CRL
Language of cataloging hin
041 ## - LANGUAGE CODE
Source of code hin
Language code of text/sound track or separate title hin
100 ## - MAIN ENTRY--PERSONAL NAME
Personal name Vidyabhaskar Vedantratan
9 (RLIN) 594824
245 #0 - TITLE STATEMENT
Title Sahitya Mimansa
Remainder of title Sahitya ki pramukh vidhaoan ka marmik vivechan
260 ## - PUBLICATION, DISTRIBUTION, ETC.
Place of publication, distribution, etc. Lahore
Name of publisher, distributor, etc. Hindi Bhawan India
Date of publication, distribution, etc. 1948
300 ## - PHYSICAL DESCRIPTION
Extent 365p.
Dimensions cm.
650 ## - SUBJECT ADDED ENTRY--TOPICAL TERM
Topical term or geographic name entry element ENGLISH LITERATURE
700 ## - ADDED ENTRY--PERSONAL NAME
Personal name Surya Kant Shastri
9 (RLIN) 594825
942 ## - ADDED ENTRY ELEMENTS (KOHA)
Classification part O:g, 152H8
Koha item type Textual
Source of classification or shelving scheme
Holdings
Withdrawn status Lost status Damaged status Not for loan Home library Current library Date acquired Total Checkouts Full call number Barcode Date last seen Price effective from Koha item type
        Central Library Central Library 2022-10-05   O:g 152H8 CL0053185 2022-10-05 2022-10-05 Textual
Copyright @ Delhi University Library System